Statistics for Countries With Highest Population Over 65

Click here to take the quiz!

General Stats

  • This quiz has been taken 570 times
  • The average score is 17 of 20

Answer Stats

Total%Country% Correct
47.6 mil14.8United States
99%
131.4 mil9.6China
98%
33.3 mil26.3Japan
98%
17.1 mil21.2Germany
95%
73.6 mil5.6India
95%
11.5 mil17.8United Kingdom
95%
12.3 mil19.1France
93%
19.2 mil13.4Russia
93%
16.3 mil7.8Brazil
92%
13.4 mil22.4Italy
92%
8.7 mil18.8Spain
91%
8.2 mil6.5Mexico
88%
13.3 mil5.2Indonesia
85%
6.6 mil13.1South Korea
84%
8.5 mil4.5Pakistan
78%
6.0 mil15.5Poland
74%
8.0 mil5.0Bangladesh
72%
7.1 mil10.5Thailand
67%
6.3 mil6.7Vietnam
67%
6.9 mil15.3Ukraine
66%

Score Distribution

Percentile by Number Answered

Percent of People with Each Score

Your Score History

You have not taken this quiz